El Moderno sistema mundial: la agricultura capitalista y los orígenes de la economía-mundo europea en el siglo XVI

Guardat en:
Dades bibliogràfiques
Autor principal: Wallerstein, Immanuel
Format: Text
Publicat: México, D.F: Siglo XXI
Edició:2
Etiquetes: Afegir etiqueta
Sense etiquetes, Sigues el primer a etiquetar aquest registre!

MARC

LEADER 00000 a a2200000 04500
001 23218
003
040
020 |a 968-23-0482-2  
090 |a 160600  
100 |a Wallerstein, Immanuel  
245 |a El Moderno sistema mundial: la agricultura capitalista y los orígenes de la economía-mundo europea en el siglo XVI  
250 |a 2  
260 |a México, D.F:   |b Siglo XXI  
300 |a 580 p  
999 |c 13249  |d 13249